West Bengal Judicial Services preliminary examination : (Record no. 91567)

MARC details
000 -LEADER
fixed length control field 00602nam a22001817a 4500
005 - DATE AND TIME OF LATEST TRANSACTION
control field 20150323171152.0
010 ## - LCCN (DPL NO)
LC control number ENG-112203
020 ## - INTERNATIONAL STANDARD BOOK NUMBER
International Standard Book Number 9789351433293
Terms of availability 795.00
035 ## - SYSTEM CONTROL NUMBER
System control number EN-95735
037 ## - SOURCE OF ACQUISITION
Source of stock number/acquisition DBAD/PUB
082 ## - DEWEY DECIMAL CLASSIFICATION NUMBER
Classification number 000
245 ## - TITLE STATEMENT
Title West Bengal Judicial Services preliminary examination :
Remainder of title a complete preparation manual
260 ## - PUBLICATION, DISTRIBUTION, ETC. (IMPRINT)
Place of publication, distribution, etc Gurgaon
Name of publisher, distributor, etc LexisNexis
Date of publication, distribution, etc 2015
270 ## - ADDRESS
Address 14th Floor, Building No.10, Tower-B, DLF Cyber City, Phase-II
City Gurgaon
Postal code 122002
300 ## - PHYSICAL DESCRIPTION
Extent various pagings
Dimensions 28cm(pbk)
490 ## - SERIES STATEMENT
Series statement CATAPULT test prep series
942 ## - ADDED ENTRY ELEMENTS (KOHA)
Source of classification or shelving scheme Dewey Decimal Classification
Item type English Books
Call number suffix WES
Classification part 000
Holdings
Withdrawn status Lost status Not for loan Collection code Home library Current library Date acquired Source of acquisition Cost, normal purchase price Full call number Barcode Copy number Cost, replacement price Koha item type
    Not For Loan Non-fiction D.B.Act.Division D.B.Act.Division 19/02/2015 DBAD/PUB 795.00 000 WES EN-95735 1 795.00 English Books

© Delhi Public Library
Hit Counter
free hit counter